|
|
|
|
| LEADER |
01207nam a2200241 a 4500 |
| 001 |
ocm51539352 |
| 008 |
090808s2002 paua b 101 0 eng d |
| 020 |
|
|
|a 0939493179
|
| 040 |
|
|
|a LHL
|c LHL
|
| 082 |
0 |
0 |
|a 690
|2 21
|
| 245 |
0 |
0 |
|a Building for the 21st Century :
|b technology, livability, productivity : proceedings of conference : held 9-11 December, 2001 in London, UK /
|c Council on Tall Buildings and Urban Habitat.
|
| 260 |
|
|
|a Bethlehem, Pa. :
|b Council on Tall Buildings and Urban Habitat, Lehigh University,
|c c2002.
|
| 300 |
|
|
|a xix, 501 p. :
|b ill. ;
|c 28 cm.
|
| 500 |
|
|
|a "Council Report No. 903.506"--T.p.
|
| 504 |
|
|
|a Includes bibliographical references.
|
| 541 |
1 |
|
|e 00009076
|
| 650 |
|
0 |
|a Building
|v Congresses
|
| 650 |
|
0 |
|a Construction industry.
|v Congresses.
|
| 710 |
2 |
|
|a Council on Tall Buildings and Urban Habitat
|
| 711 |
2 |
|
|a Conference on Building for the 21st Century
|d (2001 :
|c London, England)
|
| 852 |
4 |
|
|a Ayesha Abed Library
|j General Shelf.
|
| 999 |
|
|
|c 2940
|d 2940
|
| 952 |
|
|
|0 0
|1 0
|2 ddc
|4 0
|6 690_BUI_200200000000000
|7 0
|9 3020
|a BRACUL
|b BRACUL
|c GEN
|d 2009-08-31
|g 0.00
|l 4
|m 11
|o 690 BUI
|p 3010009076
|r 2022-11-01
|s 2022-10-17
|t 1
|w 2009-08-31
|y BK
|x No price found in the accession register.
|